A Practical Approach to Planning Law (Record no. 121219)
[ view plain ]
| 000 -LEADER | |
|---|---|
| fixed length control field | 01220cam a22002655a 4500 |
| 001 - CONTROL NUMBER | |
| control field | K121219 |
| 008 - FIXED-LENGTH DATA ELEMENTS--GENERAL INFORMATION | |
| fixed length control field | 130411s2019 xxk f 000 0 eng d |
| 020 ## - INTERNATIONAL STANDARD BOOK NUMBER | |
| ISBN | 9780198833253 |
| 035 ## - SYSTEM CONTROL NUMBER | |
| System control number | (Sirsi) u157728 |
| 041 0# - LANGUAGE CODE | |
| Language code of text/sound track or separate title | eng |
| 100 1# - MAIN ENTRY--PERSONAL NAME | |
| Personal author | Bowes, Ashley |
| 245 02 - TITLE STATEMENT | |
| Title | A Practical Approach to Planning Law |
| 250 ## - EDITION | |
| Edition statement | 14th ed |
| 260 ## - PUBLICATION INFORMATION | |
| Place of publication | Oxford |
| Publisher | Oxford University |
| Date | 2019 |
| 300 ## - PHYSICAL DESCRIPTION | |
| Physical description | lxv, 708p, 25cm |
| 520 ## - ABSTRACT | |
| Abstract | Provides a comprehensive and systematic account of the principles and practice of planning law, giving details of each stage of the planning process, from permission applications through to disputes and appeals. Contains coverage of recent cases and important legislative developments including Self-Build and Custom Housebuilding Act 2015, Housing and Planning Act 2016 and Neighbourhood Planning Act 2017 and a new revised National Planning Policy Framework amended in 2019.. . |
| 650 ## - KEYWORDS | |
| Keywords | Housing and Planning Act 2016 |
| 650 ## - KEYWORDS | |
| Keywords | Self-Build and Custom Housebuilding Act 2015 |
| 650 ## - KEYWORDS | |
| Keywords | Neighbourhood Planning Act 2017 |
| 650 ## - KEYWORDS | |
| Keywords | Natoinal Planning Policy Framework |
| 651 #4 - SUBJECT ADDED ENTRY--GEOGRAPHIC NAME | |
| Geographic name | ENGLAND AND WALES |
| 690 ## - BROAD SUBJECT | |
| 9 (RLIN) | 6259 |
| Broad subject | Planning and development |
| 856 40 - ONLINE RESOURCE | |
| Public note | |
| Uniform Resource Identifier | <a href=""></a> |
| 942 ## - ADDED ENTRY ELEMENTS (KOHA) | |
| Suppress in OPAC | Do not suppress in OPAC |
| Lost status | Source of classification or shelving scheme | Damaged status | Not for loan | Home library | Current library | Shelving location | Date acquired | Total Checkouts | Full call number | Date last seen | Price effective from | Koha item type |
|---|---|---|---|---|---|---|---|---|---|---|---|---|
| Dewey Decimal Classification | London | London | Books | 03/03/2020 | 711.026 BOW | 02/10/2024 | 03/03/2020 | Book |